Les 5 piliers de l'Islam - Statistiques

Statistiques générales
  • Ce quiz a été pris 665 fois
  • Le résultat moyen est 4 sur 5
Statistiques - réponses
Description Piliers % Correct
5 prières quotidiennes Salat
86%
Profession de foi Chahada
85%
Aumône Zakat
85%
Pèlerinage à la Mecque Hajj
83%
Jeune du ramadan Saoum
22%
Aucun quiz correspondant
Distribution des résultats
% des personnes avec chaque résultat
Percentile par nombre de réponses
Votre historique - résultats
Vous n’avez pas pris ce quiz